Codificación agrícola de Chile

Furkejuvvon:
Bibliográfalaš dieđut
Váldodahkki: Ravest, José (Dahkki)
Materiálatiipa: Girji
Giella:espánnjágiella
Almmustuhtton: Santiago Imprenta Gutenberg 1887
Fáttát:
Fáddágilkorat: Lasit fáddágilkoriid
Eai fáddágilkorat, Lasit vuosttaš fáddágilkora!

MARC

LEADER 00000cam a2200000 a 4500
001 UCR0591
003 CL-VaPUC
008 971205e18870000CL |||||||||||||||||spa|d
082 0 4 |a 343.076  |b RAV  |2 21 
100 0 |a Ravest, José  |e author  |9 396454 
245 1 0 |a Codificación agrícola de Chile 
300 |a 335 p 
942 |c BK 
945 |d 19971205 00:00:00  |a cmena 
260 |a Santiago  |b Imprenta Gutenberg  |c 1887 
500 |a Primera parte: Recopilación de disposiciones legales con relación a la agricultura. Segunda parte: proyecto de Código rural, por el abogado José Ravest 
650 7 |a LEGISLACION  |2 CL-VaPUC  |9 396455 
650 7 |a DECRETOS  |2 CL-VaPUC  |9 309678 
650 0 |a Agricultura  |9 255598 
650 7 |a LEGISLACION AGRARIA  |2 CL-VaPUC  |9 396456 
650 0 |a Constituciones  |9 255417 
650 7 |a ORDENANZAS MUNICIPALES  |2 CL-VaPUC  |9 257662 
650 7 |a PROPIEDAD AGRARIA  |2 CL-VaPUC  |9 370068 
651 7 |a CHILE  |2 CL-VaPUC  |9 396457 
583 |a last modification  |c 20131009 09:40:42  |k Rodrigo Vera 
999 |c 264090  |d 264088 
952 |0 0  |1 0  |2 ddc  |4 0  |5 1  |6 343_076000000000000_RAV_1887  |7 1  |8 C_LRYV  |9 293698  |a FDOBRV  |b BIBDER  |d 2019-11-19  |i 1914138  |o 343.076 RAV 1887  |p 1914138  |r 2023-01-25  |w 2019-11-19  |y BK_X  |k BRV 
952 |0 0  |1 0  |4 0  |6 343_076000000000000_RAV_1887  |7 0  |8 X  |9 293699  |a BIBDER  |b BIBDER  |d 2019-11-19  |i 1954032  |o 343.076 RAV 1887  |p 1954032  |r 2023-01-25  |w 2019-11-19  |y BK_X  |k DER 
952 |0 0  |1 0  |2 ddc  |3 erd  |4 0  |5 1  |6 343_076000000000000_RAV_1887  |7 1  |8 C_LRYV  |9 293700  |a FDOBRV  |b BIBDER  |d 2019-11-19  |i 5020409  |o 343.076 RAV 1887  |p 5020409  |r 2023-01-25  |w 2019-11-19  |y BK_X  |z Catalogado en:20131011  |k BRV